The Best Kind of Loving : (Record no. 611274)

MARC details
000 -LEADER
fixed length control field 00501nam a2200193 a 4500
008 - FIXED-LENGTH DATA ELEMENTS--GENERAL INFORMATION
fixed length control field 260210s1996##################000#0#eng##
020 ## - INTERNATIONAL STANDARD BOOK NUMBER
ISBN 9780060924751
082 04 - DEWEY DECIMAL CLASSIFICATION NUMBER
Classification number 306.7089
Item number GRA
100 1# - MAIN ENTRY--AUTHOR NAME
Personal name Grant, Gwendolyn G.,
245 10 - TITLE STATEMENT
Title The Best Kind of Loving :
260 ## - PUBLICATION, DISTRIBUTION, ETC. (IMPRINT)
Name of publisher Harper Perennial,
Year of publication 1996.
300 ## - PHYSICAL DESCRIPTION
Number of Pages 304 pages
650 #0 - SUBJECT ADDED ENTRY--TOPICAL TERM
Topical Term Self-Help.
942 ## - ADDED ENTRY ELEMENTS (KOHA)
Koha item type English Books
Holdings
Withdrawn status Lost status Damaged status Not for loan Home library Current library Shelving location Date acquired Full call number Accession Number Price effective from Koha item type
        Anna Centenary Library Anna Centenary Library 3RD FLOOR, B WING 10.02.2026 306.7089 GRA 467406 10.02.2026 English Books

Find us on the map